| 000 | 01612nam a2200409 c 4500 | ||
|---|---|---|---|
| 001 | 52289 | ||
| 003 | ES-MaCES | ||
| 005 | 20250203133931.0 | ||
| 008 | 220523s2022 sp 000 | spa d | ||
| 017 |
_aM 2314-20222 _bDL |
||
| 020 | _a9788413300962 | ||
| 040 |
_aES-MaCES _bspa _cES-MaCES |
||
| 041 | 1 |
_aspa _hita |
|
| 100 | 1 |
_940349 _aSironi, Francesca |
|
| 245 | 1 | 0 |
_aContra la violencia de género _b: cómo responder a los estereotipos, combatir los abusos y construir una nueva igualdad _cFrancesca Sironi, ; il. de Susana Gentili ; [tr. de Cristina Bracho Carrillo] |
| 260 |
_aMadrid _bEditorial del Laberinto _c[2022] |
||
| 300 |
_a126 p. _bil. col. _c22 cm |
||
| 500 | _aTraducción de: Contro ogni violenza sulle donne, come rispondere agli stereotipi, combattere gli abusi e costruire una nuova parità | ||
| 504 | _aBibliografía: p. 125 | ||
| 650 | 4 |
_amujeres _928657 |
|
| 650 | 4 |
_adiscriminación por razones de sexo _929521 |
|
| 650 | 4 |
_aviolencia _929388 |
|
| 650 | 4 |
_aacoso sexual _929555 |
|
| 650 | 4 |
_asociedad _927269 |
|
| 650 | 4 |
_aestilo de vida _929385 |
|
| 650 | 4 |
_acomportamiento _927271 |
|
| 650 | 4 |
_asistema de valores _929392 |
|
| 650 | 4 |
_acambio social _927286 |
|
| 650 | 4 |
_aigualdad de oportunidades _927183 |
|
| 650 | 4 |
_ainvestigación sociológica _927260 |
|
| 653 | 1 | 0 | _aMujer |
| 700 | 1 |
_aGentili, Susana _eil. _940350 |
|
| 700 | 1 |
_bBracho Carrillo, Cristina _940355 _etr. |
|
| 740 | 0 | 2 | _aContro ogni violenza sulle donne, come rispondere agli stereotipi, combattere gli abusi e costruire una nuova parità |
| 902 | _aLIB Libro | ||
| 942 |
_2CES _cBK _h3.3. |
||
| 999 |
_c52289 _d52289 |
||